| 000 | 00935nam a2200265 i 4500 | ||
|---|---|---|---|
| 001 | bg | ||
| 003 | BPK | ||
| 005 | 20210407091003.0 | ||
| 008 | 080128s1969 pl a f f |000 0 pol | ||
| 015 | _aPB 1969/8344 | ||
| 040 |
_aWA N _cBPK |
||
| 080 | _a621.01 | ||
| 080 | _a(075.8+076) | ||
| 100 | 1 |
_aParszewski, Zdzisław _d(1924-1999) _eAutor |
|
| 245 | 1 | 0 |
_aZbiór zadań z teorii mechanizmów i maszyn / _cZdzisław Parszewski, Tadeusz Bartoszkiewicz. |
| 250 | _aWyd. 2. | ||
| 260 |
_aWarszawa : _bPaństwowe Wydawnictwo Naukowe, _c1969. |
||
| 300 |
_a221 s. [6] k. tabl. : _bil. ; _c23 cm. |
||
| 650 | 4 |
_aMaszyny _xteoria. |
|
| 655 | 4 | _aĆwiczenia i zadania dla szkół wyższych | |
| 700 | 1 | _aBartoszkiewicz, Tadeusz. | |
| 710 | 2 |
_aPaństwowe Wydawnictwo Naukowe _4pbl. |
|
| 942 |
_2UKD _cKS |
||
| 856 |
_uhttp://koha.tu.koszalin.pl/cgi-bin/koha/opac-detail.pl?biblionumber=10392 _yKatalog online BPK |
||
| 999 |
_c10392 _d10392 |
||